Представление документа в формате RUSMARC

ПолеНазваниеЗначение
  Тип записи a
  Библиографический уровень a
001 Контрольный номер f05df1a924ba49c4835e7c8b852a8a43
005 Дата корректировки 20140506180923.6
200 Заглавие и сведения об ответственности __
a Заглавие О проблеме критериев и оценок экономической безопасности
461 Уровень набора _0
1 2001
a Общество и экономика
463 Уровень физической единицы _0
1 210
d 2003. - №4-5
610 Ключевые слова __
a Ключевые слова экономическая безопасность государства
686 Индексы других классификаций __
a Классификационный индекс 65.9(2)-98
700 Автор __
a Фамилия Прохожев
b Имя А.
701 Альтернативная интеллектуальная ответственность __
a Фамилия Корнилов М.
901 Тип документа __
t Тип документа b
938 Служебная информация __
a Название организации Волгоградский филиал
b Имя БД Статьи ВКИ
c Название АИБС АИБС МАРК-SQL